Ciencias de la mente: aproximaciones desde latinoamérica
Guardat en:
| Autors principals: | , |
|---|---|
| Format: | Llibre |
| Idioma: | espanyol |
| Publicat: |
Santiago
J. C. Sáez
2008
|
| Matèries: | |
| Etiquetes: |
Afegir etiqueta
Sense etiquetes, Sigues el primer a etiquetar aquest registre!
|
MARC
| LEADER | 00000nam a2200000 a 4500 | ||
|---|---|---|---|
| 001 | UCI9095 | ||
| 003 | CL-VaPUC | ||
| 008 | 081024e20080000CL |||||||||||||||||spa|d | ||
| 020 | |a 9789563060348 | ||
| 082 | 0 | 4 | |a 153.4 |b KRO |2 21 |
| 100 | 0 | |a Kronmüller Ríoseco, Edmundo |e author |9 532742 | |
| 700 | 0 | |a Cornejo, Carlos |e author |9 532743 | |
| 245 | 1 | 0 | |a Ciencias de la mente: aproximaciones desde latinoamérica |
| 300 | |a 409 p | ||
| 942 | |c BK | ||
| 945 | |d 20081024 00:00:00 |a rbrito | ||
| 260 | |a Santiago |b J. C. Sáez |c 2008 | ||
| 650 | 0 | |a Cognición |9 270347 | |
| 650 | 0 | |a Emociones |9 265224 | |
| 650 | 0 | |a Aprendizaje |9 254827 | |
| 650 | 0 | |a Conducta |9 269782 | |
| 650 | 0 | |a Psicología evolutiva |9 271069 | |
| 583 | |a last modification |c 20081024 00:00:00 |k Rodrigo Vera | ||
| 999 | |c 331746 |d 331744 | ||
| 952 | |0 0 |1 0 |4 0 |6 153_400000000000000_KRO_2008 |7 0 |8 A |9 418817 |a BIBEDU |b BIBEDU |d 2019-11-22 |i 4492927 |o 153.4 KRO 2008 |p 4492927 |r 2019-11-22 |w 2019-11-22 |y BK |k PSI | ||
| 952 | |0 0 |1 0 |4 0 |6 153_400000000000000_KRO_2008 |7 0 |8 A |9 418818 |a BIBEDU |b BIBEDU |d 2019-11-22 |i 4492935 |o 153.4 KRO 2008 |p 4492935 |r 2019-11-22 |w 2019-11-22 |y BK |k PSI | ||